| 000 | 00782nam a2200229 a 4500 | ||
|---|---|---|---|
| 001 | 000031210 | ||
| 003 | OSt | ||
| 005 | 20210225120817.0 | ||
| 008 | 110614nuuuu dr r 000 | spa d | ||
| 040 |
_aDO-SdBNP _bspa _cBNPHU |
||
| 082 | 4 |
_a616.994 _bP625a |
|
| 100 | 1 |
_aPieter-Bennett, H. _957677 |
|
| 245 | 1 | 0 |
_aApuntes de cancerolojía : _bapéndice a la cuarta edición / _cH. Pieter-Bennett. |
| 260 |
_aSanto Domingo : _bPublicaciones de la Liga Dominicana contra el Cancer, _c[19--]. |
||
| 300 |
_a55 p. ; _c22 cm. |
||
| 500 | _aIncluye índice | ||
| 590 | _aInventariado, 2019 / DG | ||
| 710 | 2 |
_aLiga Dominicana Contra el Cáncer _957681 |
|
| 710 | 2 |
_aInstituto de Oncología Milagro de la Caridad _957682 |
|
| 910 | _aValidado. Control de calidad MFF | ||
| 942 |
_2ddc _cLF2 |
||
| 999 |
_c30702 _d30702 |
||